000 00910cab a2200265 4500
001 WB3431-30
008 090401t1998 xxu||||| |||| 00| 0 eng d
035 _a(Sirsi) u87961
041 _aeng
245 _aSurveyor's negligence
260 _c1998
350 _a0
490 _aEstates Gazette Case Summaries
_v[1998] EGCS 129 (8/8/98), (1)
520 _a"Smart and another v Royal Insurance plc" QBD 29 July 1998. A surveyor is negligent of not warning of possible subsidence only in the practice of carrying out the survey, but not by advising on the survey type.
650 _aBUILDING SURVEYS
650 _aNEGLIGENCE
650 _aRICS HOMEBUYER SURVEY AND VALUATION
650 _aSMART AND ANOTHER V ROYAL INSURANCE PLC
650 _aSTRUCTURAL SURVEY
650 _aSUBSIDENCE
650 _aSURVEYORS
690 _aPROFESSIONAL PRACTICE-CASE LAW
942 _n0
948 _c12/08/1998
999 _c55519
_d55519